Statistics for Country by Most Popular Sport, With Exceptions:

Click here to take the quiz!

General Stats

  • This quiz has been taken 866 times
  • The average score is 32 of 48

Answer Stats

SportAnswer% Correct
Australian Rules FootballAustralia
97%
Ice HockeyCanada
97%
CricketIndia
97%
American FootballUnited States
97%
BaseballJapan
90%
Rugby UnionNew Zealand
90%
CricketPakistan
89%
Gaelic FootballIreland
83%
BasketballChina
81%
BaseballCuba
81%
CricketBangladesh
78%
Ice HockeyFinland
77%
BaseballSouth Korea
77%
BaseballDominican Republic
76%
Rugby UnionFiji
76%
AthleticsJamaica
76%
CricketAfghanistan
73%
Rugby UnionSamoa
71%
Rugby UnionTonga
70%
CricketSri Lanka
69%
WrestlingMongolia
67%
ArcheryBhutan
66%
CricketNepal
66%
American FootballBahamas
65%
BasketballLithuania
65%
Ice HockeyLatvia
63%
CricketBarbados
62%
Rugby LeaguePapua New Guinea
62%
CricketSaint Kitts and Nevis
62%
CricketSaint Lucia
61%
CricketAntigua and Barbuda
60%
BasketballEstonia
60%
Australian Rules FootballNauru
60%
CricketSaint Vincent and the Grenadines
60%
BaseballPalau
59%
CricketTrinidad and Tobago
59%
BasketballPhilippines
58%
BaseballTaiwan
57%
CricketGrenada
55%
AthleticsFederated States of Micronesia
52%
BaseballVenezuela
51%
MotorsportMonaco
48%
BaseballPanama
45%
CricketGuyana
43%
BaseballNicaragua
32%
Ice HockeySlovakia
29%
Rugby UnionMadagascar
25%
BasketballSeychelles
25%

Score Distribution

Percentile by Number Answered

Percent of People with Each Score

Your Score History

You have not taken this quiz